All Brawl Stars Brawlers Based On Their Attack Descriptions - Statistics

General Stats
  • This quiz has been taken 192 times
  • The average score is 27 of 33
Answer Stats
Description of Brawlers Attacks Brawler % Correct
This brawler tosses two sticks of dynamite, passing over any obstacles in the way. The fuses are cut as short as his explosive temper! Dynamike
94%
This brawler lobs a bottle, breaking it on the ground. Enemies take damage from the splash, and more damage over time if they stay in the puddle. Barley
93%
This brawler gives you a blast of her hair spray! It's strong enough to melt your face. Emz
93%
This brawler releases a trio of exploding arrows, tearing up enemies like an eagle's talons. Bo
92%
This brawler throws his Pickaxe like a boomerang. After he catches the returning Pickaxe, he can throw it again. Carl
92%
This brawler shoots six straight long-range shots out of his revolvers. Colt
92%
This brawler swings her baseball bat. When she has three swings at the ready, her Home Run bar will charge. Once fully charged, her next swing will knock back enemies! Bibi
91%
This brawler throws a triple threat of daggers. Enemies nicked by the poisoned blades will take damage over time. Crow
90%
This brawler lets fly with a single Rockin' Rocket that really goes the distance. Brock
89%
This brawler's double-barreled shotgun deals heavy damage. It has very short range, so Bull likes to get up close and personal. Bull
88%
This brawler fires off a furious flurry of four fiery fists. That's a spicy jalapeno knuckle sandwich! El Primo
88%
This brawler's boomstick fires a wide spread of pellets to a medium range. The more pellets hit, the greater the damage. Shelly
87%
This brawler fires a sniper shot from the tip of her parasol. The shot gains more oompf the farther it flies! Piper
86%
This brawler fires off a small cactus that explodes, shooting spikes in different directions. Spike
86%
This brawler fires off an energy orb. After hitting a target, the orb bounces at the next target in range, hitting up to three enemies. Jessie
85%
This brawler dashes forward with a sharp swing of his shovel, creating business opportunities for himself. Mortis
84%
This brawler's bullets bounce off walls, gaining range. They can hit enemies behind cover. Rico
84%
This brawler flicks her wrist, snapping off three tarot cards that pierce through enemies. Quite a trick! Tara
84%
This brawler's double barrel shotguns fire two staggered blasts of heavy close-range damage. Darryl
82%
This brawler shoots a solid ball of magical smoke from his lamp. If the ball doesn't hit a target, it splits up and spreads the damage in a cone. Gene
82%
This brawler throws a heavy suitcase with angry intent. If the suitcase hits an obstacle or an opponent, it bounces over them, lands with a bang and deals area damage. Mr. P
82%
This brawler strums his guitarrón, sending forward bone-jarring sound waves. Enemies hit by the waves take damage. Poco
81%
This brawler takes a while to wind up his hammer blow, but the hit is so hard it sends a shockwave. Frank
80%
This brawler flicks his wrist and fires four Spinner Blades. The blades deal less damage the farther they travel. Leon
78%
This brawler shoots out a pouch of fool's gold. If the pouch hits an enemy, it bursts and coins pepper targets behind the first enemy. Penny
77%
This brawler lobs a cluster of mines that separate before landing. The mines explode on contact with a target, or after a few seconds. Tick
76%
This brawler sends out a long range shot that, upon landing, supercharges her next shot to deal epic damage! Bea
71%
This brawler sprays a large area with bursts of scrap metal. Safety goggles advised! Pam
67%
This brawler throws a flurry of powerful punches with perfect technique! Rosa
65%
This brawler shoots a burst of Blaster Beams that damage any opponent they hit. The beams have medium range and a slight spread. 8-Bit
64%
This brawler sends forth a shockwave, damaging enemies caught in the tremor. Nita
59%
This brawler's blaster shoots a bunch of projectiles fast! It holds a lot of rounds, and she is quick with the reload. Max
57%
This brawler pelts enemies with sharp, piercing pebbles. Ouch! Sandy
46%
No matching quizzes found
Score Distribution
Percent of People with Each Score
Percentile by Number Answered
Your Score History
You have not taken this quiz